| 000 | 03820nam0a2200421 4500 | ||
|---|---|---|---|
| 001 | RU\NLR\BIBL_A\012922619 | ||
| 005 | 20260127163353.0 | ||
| 010 |
_a978-5-93549-066-9 _93000 |
||
| 021 |
_aRU _bКН-П-22-062473 _9КН-П-22-5411 |
||
| 035 | _a(NLR Aleph) 012922619 | ||
| 035 | _a(RuMoRGB)011208225 | ||
| 090 |
_a13537976 _c13537976 |
||
| 100 | _a20221027d2022 u y0rusy50 ca | ||
| 101 | 0 | _arus | |
| 102 | _aRU | ||
| 105 | _aa j 000zy | ||
| 181 | 0 |
_ai3 _baxxe |
|
| 182 | 0 | _an | |
| 200 | 1 |
_aМатематический театр _eII ступень курса "Олимпиадная математика" для 3-9 классов _eучебное пособие _fЛ. Г. Петерсон, О. Н. Агаханова _gИнститут системно-деятельностной педагогики Петерсон |
|
| 203 |
_aТекст _bвизуальный _cнепосредственный |
||
| 210 |
_aМосква _cИнститут СДП _d2022 |
||
| 215 |
_a128 с. _cил., цв. ил. _d26 |
||
| 225 | 1 | _aОбразовательная система Л. Г. Петерсон "Учусь учиться" | |
| 225 | 1 | _aПроект Института СДП "Олимпиадная математика" | |
| 225 | 1 | _aОлимпиадная математика | |
| 330 | _aУчебное пособие является второй ступенью непрерывного учебно-методического комплекса олимпиадной подготовки учащихся 3-9 классов по математике, который создаётся в настоящее время в НОУ ДПО "Институт системно-деятельностной педагогики" (Институт СДП). Данный комплекс направлен на повышение уровня подготовки к математическим олимпиадам и знаний по математике в целом за счёт системности, качественного контента, вовлечения детей в математическое творчество, развития у них интереса и интеллектуальных способностей, умения преодолевать трудности, переживания радости индивидуальных и коллективных побед. Пособие методически обеспечено разбором и полным решением каждого задания, подробными сценариями всех занятий в новой технологии "Математический театр", которые бесплатно можно скачать на сайте www.sch2000.ru. Институт СДП системно проводит курсовую подготовку, вебинары, консультации для учителей, обучающие математические олимпиады для школьников | ||
| 606 | 1 |
_aМатематика _jУчебные издания _xЗадачи _xРешение _92078426 _3RU\NLR\AUTH\661254281 |
|
| 606 | 1 |
_aМатематика _jУчебные издания _xОлимпиады школьные _xПодготовка к ним _92532258 _3RU\NLR\AUTH\6601713588 |
|
| 675 |
_a373.167.1:51 _v4 |
||
| 675 |
_a51(075.2) _v4 |
||
| 686 | 1 | _aВ10я7-42 | |
| 686 | 1 | _aЧ426.24-382.61я7 | |
| 700 | 1 |
_7ca _8rus _aПетерсон _bЛ. Г. _f1950- _gЛюдмила Георгиевна _9110863 _3RU\NLR\AUTH\77823 |
|
| 701 | 1 |
_aАгаханова _bО. Н. _gОльга Назаровна |
|
| 942 | _cBOOK | ||
| 980 | _aNB | ||